=LDR 00000nam 2200000 4500 =001 INLIS000000000000305 =005 20150306085908.0 =006 =007 =008 Ind =035 ##$$0010-061300000000305 =041 ##$$a Ind =082 ##$$a 600 =090 ##$$a 600 Mtz s =100 ##$$a M.T.Zen =245 ##$$a Sains, teknologi dan hari depan manusia / M.T.Zen =260 ##$$a Jakarta $b Gramedia $c 1984 =300 ##$$a ix,132 hlm. : ilus. ; 20 cm =650 ##$$a Teknologi =850 ##$$a NBPNMAT